|
|
|
|
| LEADER |
00871nab a2200241 i 4500 |
| 001 |
publ39456 |
| 005 |
20260313140421.0 |
| 008 |
260313s2023 hu o 000 eng d |
| 022 |
|
|
|a 1488-3473
|
| 024 |
7 |
|
|a 10.1007/s12134-022-00964-z
|2 doi
|
| 024 |
7 |
|
|a 32821971
|2 mtmt
|
| 040 |
|
|
|a SZTE Publicatio Repozitórium
|b hun
|
| 041 |
|
|
|a eng
|
| 100 |
1 |
|
|a Lados Gábor
|
| 245 |
1 |
4 |
|a The role of identity and ontological (in)security in return migration
|h [elektronikus dokumentum] :
|b an empirical perspective from Hungary /
|c Lados Gábor
|
| 260 |
|
|
|c 2023
|
| 300 |
|
|
|a 20
|
| 300 |
|
|
|a 445-464
|
| 490 |
0 |
|
|a JOURNAL OF INTERNATIONAL MIGRATION AND INTEGRATION
|v 24
|
| 650 |
|
4 |
|a Társadalom- és gazdaságföldrajz
|
| 700 |
0 |
1 |
|a Hegedűs Gábor
|e aut
|
| 700 |
0 |
1 |
|a Kovács Zoltán
|e aut
|
| 856 |
4 |
0 |
|u http://publicatio.bibl.u-szeged.hu/39456/1/s12134-022-00964-z.pdf
|z Dokumentum-elérés
|